| 000 | 00421cam a2200169ua 4500 | ||
|---|---|---|---|
| 020 | _c4.00 | ||
| 041 |
_ahin _h |
||
| 082 |
_a891.54 _bYAD/AN |
||
| 100 | _aYadvendra Sharma, `Chandre` . | ||
| 245 |
_aAnavrith / _c`Chandre` Yadvendra Sharma. _hTextual Documents |
||
| 260 |
_a : _bNational Publishing house , _c1959. |
||
| 300 | _a243 ; . | ||
| 365 | _a4.00 | ||
| 504 | _a | ||
| 942 | _cBK | ||
| 999 |
_c2836 _d2836 |
||